Odpisovanie majetku v rozpočtových a príspevkových organizáciách

Právne normy pre odpisovanie majetku. Hmotný a nehmotný majetok. Postup pri rovnomernom odpisovaní hmotného majetku.

Salvato in:
Dettagli Bibliografici
Autore principale: Majorová, Miriam
Altri autori: Mináriková, Anna
Natura: Capitolo di libro
Lingua:slovacco
Soggetti:
Tags: Aggiungi Tag
Nessun Tag, puoi essere il primo ad aggiungerne!!

MARC

LEADER 00000naa a2200000 4500
001 r049417
005 20230720081244.0
041 0 |a slo 
044 |a SK 
245 1 0 |a Odpisovanie majetku v rozpočtových a príspevkových organizáciách  |c Miriam Majorová, Anna Mináriková 
520 |a Právne normy pre odpisovanie majetku. Hmotný a nehmotný majetok. Postup pri rovnomernom odpisovaní hmotného majetku. 
610 2 0 |a organizácie príspevkové 
610 2 0 |a organizácie rozpočtové 
610 2 0 |a majetok hmotný 
610 2 0 |a majetok nehmotný 
610 2 0 |a odpisy 
100 1 |a Majorová, Miriam 
700 1 |a Mináriková, Anna